La que se avecina test 1 (temp 1) - Estadísticas

Estadísticas generales
  • Esta prueba ha sido intentada 2.207 veces
  • La puntuación promedio es 25 de 27
Estadísticas de respuestas
Pregunta Respuesta % Correcto
Cuál es la chica que se le conoce como “la cuqui”
98%
Quien es el Actor de la comunidad?
97%
Quien era la especialista en las croquetas en la comunidad de montepinar?
97%
Quien fue el presidente de la comunidad de monte pinar?
96%
Que vecino era banquero de sueldo pobre?
96%
Quien fue el/la inquilino o inquilina de Antonio y Berta?
96%
Cuál era el hijo de Enrique y Araceli?
96%
Quien era el hermano del gran “ Doctor Ventura” ?
96%
Quien era la vecina anciana que no se enteraba de absolutamente nada?
95%
Quien es el hijo de Berta y Antonio que mandaron a Irlanda?
95%
Que vecino es Concejal De Juventud Y Tiempo Libre?
95%
Cuál Vecino es Mayorista y Levanto un imperio de la nada?
95%
Quien es la madre de Araceli?
95%
Quien es la jefa de la peluquería de montepinar?
94%
Quien era el amigo de Joaquín que vivía con su abuela por la herencia?
94%
Quien de estos NO son los hijos de Maite y Amador?
94%
Quien trabajaba en la peluquería de Araceli?
94%
Cuál es la chica practicante en la peluquería de Araceli?
93%
Quien es la cristiana aprostica romana de la comunidad
93%
Que vecino es el fanático del fútbol?
93%
Cuál era el compañero de piso de Cristina?
92%
Que Vecina era la ex de Maxi y fue a su edificio con su amiga de okupa?
91%
Quien es la que vendía las viviendas y estaba muy buena?
91%
Cuál era el jardinero?
89%
Cuál era el vecino que sus padres pagarán para que tuviera novia?
88%
Quien es la chica que se fue de luna de miel de safari?
81%
Quien era el conserje?
79%
No se encontraron pruebas coincidentes
Distribución de puntuación
Porcentaje de gente con cada puntuación
Porcentaje por número respondido
Historial de tus puntuaciones
No has intentado esta prueba.